| 000 | 01141cam a2200289 4500 | ||
|---|---|---|---|
| 008 | |||
| 020 | _a0398033250 (hbk.) | ||
| 049 | _aMAIN | ||
| 090 |
_aRC117 _bOPP |
||
| 111 | 2 |
_aInternational Conference on Opportunistic Fungal Infections _n(2nd : _d1972 : _cLexington, Ky.) |
|
| 245 | 1 | 0 |
_aOpportunistic fungal infections : _bproceedings of the second international conference. _cEdited by Ernest W. Chick, Albert Balows [and] Michael L. Furcolow. |
| 260 |
_aSpringfield, Ill., _bThomas, _c1975. |
||
| 300 |
_ax, 359 p. : _bill. ; _c24 cm. |
||
| 440 | _aAmerican lecture series, publication no. 974. A monograph in the Bannerstone division of American lectures in clinical microbiology | ||
| 504 | _aIncludes bibliographical references. | ||
| 500 | _aIncludes index. | ||
| 650 | 0 |
_aMycoses _vCongresses. |
|
| 650 | 0 |
_aOpportunistic infections _vCongresses. |
|
| 700 | 1 | _aChick, Ernest W. | |
| 700 | 1 | _aBalows, Albert. | |
| 700 | 1 | _aFurcolow, Michael L. | |
| 907 |
_a.b10006175 _b16-08-11 _c17-04-03 |
||
| 003 | |||
| 005 | 20230120203824.0 | ||
| 040 | _cNUST | ||
| 942 |
_cBOOKS _kRC117 _mOPP |
||
| 999 |
_c112090 _d112090 |
||